00836nam a2200229Ia 450000500170000000800410001702000150005810000410007324501230011425000190023730000270025665000340028365000280031765000460034570000410039126400400043233600270047233700330049933800280053204000350056008400110059520220317000639.0160601s1997 sp g 000 0 spa  a84767267401 aVirgilio Marón, Publiod70-19 a.C.13aLa Eneida cVirgilio ; traducción y notas Felipe Peyró Carrió ; prólogo y présentación Francesc L. Cardona a2a. edición  a317 páginas c20 cm 142LEMBaPoesía épica latina142LEMBaLiteratura latina142LEMBaHéroes troyanos en la literatura 1 aPeyró Carrió, Felipeetraductor  aBarcelona bEdicomunicaciónc1997 atextobtxt2rdacontent asin mediaciónbn2rdamedia avolumenbnc2rdacarrier aCO-BoRNBPbspaerdacCO-BoRNBP aP VIR1